| 000 | 01379cam a22003615a 4500 | ||
|---|---|---|---|
| 003 | EG-ScBUE | ||
| 005 | 20211212144720.0 | ||
| 008 | 081217s1984 ua f 000 f eng d | ||
| 020 | _a9774240189 | ||
| 020 | _a978977420188 | ||
| 040 |
_aEG-ScBUE _beng _erda _cEG-ScBUE _dEG-ScBUE |
||
| 041 | 1 |
_aeng _hara |
|
| 082 | 0 | 4 |
_a892.736 _bMAH _222 |
| 100 | 1 |
_aMaḥfūẓ, Najīb, _d1911-2006, _eauthor. |
|
| 240 | 1 | 0 |
_aAfrah al-qubba. _lEnglish |
| 245 | 1 | 0 |
_aWedding song / _cNaguib Mahfouz ; translated from Arabic by olive E. Kenny ; edited and revised by Mursi Saad El Din, John Rodenbeck ; introduction by Mursi Saad El Din. |
| 264 | 1 |
_aCairo : _bThe American University in Cairo Press, _c1984. |
|
| 300 |
_a173 pages ; _c19 cm. |
||
| 336 |
_2rdacontent _atext _btxt |
||
| 337 |
_2rdamedia _aunmediated _bn |
||
| 338 |
_2rdacarrier _avolume _bnc |
||
| 490 | 0 | _aModern Arabic literature | |
| 546 | _aText in English ; translated from original Arabic. | ||
| 650 | 7 |
_aArabic fiction _xTranslations into English. _zEgypt. _2BUEsh |
|
| 650 | 7 |
_aReality _2BUEsh _933601 |
|
| 651 | 7 |
_aEgypt _xFiction. _2BUEsh |
|
| 653 |
_bARALIT _cAugust2015 |
||
| 655 |
_vReading book _934232 |
||
| 700 | 1 |
_aKenny, Olive E. _91498 _ttranslator. |
|
| 700 | 1 |
_aSaad El Din, Mursi. _eeditor. _eauthor of introduction, etc. _91499 |
|
| 700 | 1 |
_aRodenbeck, John. _teditor. |
|
| 942 |
_cBB _2ddc |
||
| 999 |
_c2670 _d2670 |
||